[Event "Mindelo op"]
[Site "Mindelo"]
[Date "2022.04.30"]
[Round "9"]
[White "L'Ami, Alina"]
[Black "Ortega Amarelle, Mariano"]
[Result "0-1"]
[WhiteElo "2287"]
[BlackElo "2476"]
[PlyCount "100"]
[EventDate "2022.04.22"]
[EventType "swiss"]
[EventRounds "9"]
[EventCountry "KAP"]
[SourceTitle "CBM 208 Extra"]
[Source "ChessBase"]
[SourceDate "2022.07.31"]
[SourceVersion "1"]
[SourceVersionDate "2022.07.31"]
[SourceQuality "1"]

1. d4 Nf6 2. c4 e6 3. Nc3 Bb4 4. Nf3 c5 5. e3 0-0 6. Bd3 d5 7. 0-0 cxd4 8. exd4 dxc4 9. Bxc4 b6 10. Bg5 Bb7 11. a3 Bxc3 12. bxc3 Nbd7 13. Rc1 Qc7 14. Bd3 Ng4 15. g3 Qc6 16. Be2 h6 17. Be3 Qe4 18. Qc2 Qc6 19. h3 Nge5 20. dxe5 Nxe5 21. Qd1 Rfd8 22. Bd4 Nxf3+ 23. Bxf3 Qxf3 24. Qxf3 Bxf3 25. Kh2 f6 26. g4 e5 27. Be3 Rac8 28. Kg3 Be4 29. c4 Rd3 30. a4 Ra3 31. Ra1 Rxa1 32. Rxa1 Rxc4 33. a5 Rb4 34. axb6 axb6 35. Rd1 Rb3 36. Rd8+ Kh7 37. h4 h5 38. Rd6 b5 39. gxh5 f5 40. Kh2 f4 41. Bc1 Rb1 42. Rd1 b4 43. Re1 Bf3 44. Rg1 b3 45. Ba3 Rxg1 46. Kxg1 e4 47. Kf1 e3 48. Bc1 Bxh5 49. fxe3 fxe3 50. Bb2 Bf3 0-1

[Event "Women's Day Play Magnus"]
[Site "chess24.com INT"]
[Date "2021.03.07"]
[Round "1.1"]
[White "Ambartsumova, Karina"]
[Black "L'Ami, Alina"]
[Result "1-0"]
[WhiteElo "2382"]
[BlackElo "2287"]
[PlyCount "61"]
[EventDate "2021.03.07"]
[EventType "team-tourn (blitz)"]
[EventRounds "7"]
[EventCountry "GER"]
[SourceTitle "CBM 201 Extra"]
[Source "ChessBase"]
[SourceDate "2021.05.31"]
[SourceVersion "1"]
[SourceVersionDate "2021.05.31"]
[SourceQuality "1"]
[WhiteTeam "CoChess #1"]
[BlackTeam "Chessable #1"]
[WhiteTeamCountry "RUS"]
[BlackTeamCountry "ROU"]

1. c4 Nf6 2. Nf3 g6 3. g3 Bg7 4. Bg2 0-0 5. 0-0 d6 6. d4 Nbd7 7. Nc3 Re8 8. e4 e5 9. h3 exd4 10. Nxd4 Nc5 11. Re1 a5 12. b3 Bd7 13. Bb2 Qc8 14. Kh2 a4 15. b4 Ne6 16. Nc2 Ng5 17. h4 Ng4+ 18. Kg1 a3 19. Nxa3 Rxa3 20. Bxa3 Bxc3 21. hxg5 Bxe1 22. Qxe1 Qd8 23. f4 h5 24. Bb2 f6 25. Qc3 Kf7 26. Rf1 Bc6 27. gxf6 Nxf6 28. e5 Bxg2 29. Kxg2 Ne4 30. Qd3 d5 31. cxd5 1-0

[Event "Women's Day Play Magnus"]
[Site "chess24.com INT"]
[Date "2021.03.07"]
[Round "5.3"]
[White "Congiu, Mathilde"]
[Black "L'Ami, Alina"]
[Result "0-1"]
[WhiteElo "2220"]
[BlackElo "2287"]
[PlyCount "86"]
[EventDate "2021.03.07"]
[EventType "team-tourn (blitz)"]
[EventRounds "7"]
[EventCountry "GER"]
[SourceTitle "CBM 201 Extra"]
[Source "ChessBase"]
[SourceDate "2021.05.31"]
[SourceVersion "1"]
[SourceVersionDate "2021.05.31"]
[SourceQuality "1"]
[WhiteTeam "Chessable #2"]
[BlackTeam "Chessable #1"]
[WhiteTeamCountry "FRA"]
[BlackTeamCountry "ROU"]

1. e4 c5 2. d4 cxd4 3. c3 Nf6 4. e5 Nd5 5. Nf3 e6 6. cxd4 d6 7. Bc4 Nb6 8. Bb3 Nc6 9. 0-0 dxe5 10. dxe5 Qxd1 11. Rxd1 Be7 12. Nc3 0-0 13. Be3 Na5 14. Rd2 Nbc4 15. Rd4 Nxe3 16. fxe3 Bc5 17. Rd2 Bxe3+ 18. Rf2 Nxb3 19. axb3 b6 20. Nd1 Bxf2+ 21. Kxf2 Bb7 22. Ne3 Rfd8 23. Nc4 Bd5 24. Nd6 Bxb3 25. Ke3 a5 26. Nd4 Bd5 27. g4 f6 28. Kf4 g5+ 29. Ke3 fxe5 30. N4b5 Bc6 31. Rc1 Bxb5 32. Nxb5 Rd5 33. Nc3 Rc5 34. Rd1 a4 35. Nb1 Rc4 36. Rd7 Rxg4 37. Nc3 a3 38. bxa3 Rxa3 39. Rd3 Rd4 40. Rxd4 exd4+ 41. Kxd4 e5+ 42. Kc4 Rxc3+ 43. Kxc3 h5 0-1

[Event "Women's Day Play Magnus"]
[Site "chess24.com INT"]
[Date "2021.03.07"]
[Round "3.2"]
[White "February, Jesse Nikki"]
[Black "L'Ami, Alina"]
[Result "1/2-1/2"]
[WhiteElo "1824"]
[BlackElo "2287"]
[PlyCount "103"]
[EventDate "2021.03.07"]
[EventType "team-tourn (blitz)"]
[EventRounds "7"]
[EventCountry "GER"]
[SourceTitle "CBM 201 Extra"]
[Source "ChessBase"]
[SourceDate "2021.05.31"]
[SourceVersion "1"]
[SourceVersionDate "2021.05.31"]
[SourceQuality "1"]
[WhiteTeam "CoChess #2"]
[BlackTeam "Chessable #1"]
[WhiteTeamCountry "DEN"]
[BlackTeamCountry "ROU"]

1. e4 c5 2. Nf3 d6 3. d4 cxd4 4. Nxd4 Nf6 5. f3 e5 6. Nb3 Be6 7. Nc3 Be7 8. Be2 0-0 9. Be3 Nbd7 10. Qd2 a5 11. a4 Nb6 12. 0-0 Nc4 13. Bxc4 Bxc4 14. Rfe1 d5 15. exd5 Nxd5 16. Nxd5 Qxd5 17. Qxd5 Bxd5 18. Rad1 Bxb3 19. cxb3 Bb4 20. Bd2 Bc5+ 21. Be3 Bb4 22. Bd2 Bc5+ 23. Be3 Rac8 24. Bxc5 Rxc5 25. Rd7 b6 26. Rb7 Rc2 27. Rxb6 Rxb2 28. Rxe5 Rc8 29. Re1 g6 30. Rb5 Rcc2 31. Rg5 h6 32. Rxa5 Rxg2+ 33. Kf1 Rxh2 34. Kg1 Rhg2+ 35. Kh1 Rgf2 36. Kg1 Rxf3 37. Rb5 Rg3+ 38. Kh1 h5 39. a5 Rgxb3 40. Rxb3 Rxb3 41. Ra1 Rb8 42. Kg2 Kg7 43. Kg3 Kf6 44. a6 Ke6 45. Kh4 Kd6 46. Kg5 Kc6 47. Kf6 Kb6 48. Kxf7 Ra8 49. Kxg6 h4 50. Kg5 Rxa6 51. Rxa6+ Kxa6 52. Kxh4 1/2-1/2

[Event "Women's Day Play Magnus"]
[Site "chess24.com INT"]
[Date "2021.03.07"]
[Round "2.2"]
[White "L'Ami, Alina"]
[Black "Rodrigo Yanguas, Maria"]
[Result "1-0"]
[WhiteElo "2287"]
[BlackElo "2075"]
[PlyCount "105"]
[EventDate "2021.03.07"]
[EventType "team-tourn (blitz)"]
[EventRounds "7"]
[EventCountry "GER"]
[SourceTitle "CBM 201 Extra"]
[Source "ChessBase"]
[SourceDate "2021.05.31"]
[SourceVersion "1"]
[SourceVersionDate "2021.05.31"]
[SourceQuality "1"]
[WhiteTeam "Chessable #1"]
[BlackTeam "Spain chess24"]
[WhiteTeamCountry "ROU"]
[BlackTeamCountry "ESP"]

1. d4 Nf6 2. c4 g6 3. Nc3 Bg7 4. e4 d6 5. h3 0-0 6. Bg5 h6 7. Be3 c5 8. d5 a6 9. a4 Nbd7 10. Nf3 Rb8 11. Qd2 Qc7 12. Bxh6 b5 13. Bxg7 Kxg7 14. axb5 axb5 15. Nxb5 Rxb5 16. cxb5 Nxe4 17. Qc2 Ndf6 18. Bd3 Bf5 19. g4 Bd7 20. Bxe4 Nxe4 21. Qxe4 Bxb5 22. h4 c4 23. h5 Rh8 24. Qd4+ f6 25. Ng5 Bd7 26. Ra7 Qc8 27. h6+ Rxh6 28. Rxh6 Kxh6 29. Ne6 Bxe6 30. dxe6 Qxe6+ 31. Qe3+ Qxe3+ 32. fxe3 Kg5 33. Rxe7 Kxg4 34. Re6 Kf5 35. Rxd6 g5 36. Rc6 g4 37. Rxc4 g3 38. b4 g2 39. Kf2 Ke5 40. Kxg2 Kd5 41. b5 Kxc4 42. b6 Kc5 43. b7 Kc6 44. b8Q Kc5 45. Qc7+ Kd5 46. Kf3 Ke6 47. Qc6+ Kf5 48. e4+ Kg6 49. Kg4 Kf7 50. Kf5 Ke7 51. Qc7+ Ke8 52. Ke6 Kf8 53. Qf7# 1-0

[Event "ROM-chT (Women)"]
[Site "Mamaia"]
[Date "2019.09.27"]
[Round "5.2"]
[White "Ionica, Iulia Ionela"]
[Black "L'Ami, Alina"]
[Result "1-0"]
[WhiteElo "2151"]
[BlackElo "2296"]
[PlyCount "97"]
[EventDate "2019.09.21"]
[EventType "team-tourn"]
[EventRounds "7"]
[EventCountry "ROU"]
[SourceTitle "EXT 2020"]
[Source "ChessBase"]
[SourceDate "2019.10.17"]
[SourceVersion "1"]
[SourceVersionDate "2019.10.17"]
[SourceQuality "1"]

1. e4 c5 2. Nc3 d6 3. f4 Nc6 4. Nf3 g6 5. Bc4 Bg7 6. 0-0 e6 7. d4 Nxd4 8. Be3 Nxf3+ 9. Qxf3 Bxc3 10. bxc3 Qe7 11. f5 exf5 12. exf5 gxf5 13. Rae1 Be6 14. Bb5+ Kd8 15. Bd3 Kc7 16. Bxf5 Re8 17. Be4 Bc4 18. Bd3 Bxd3 19. cxd3 Qd7 20. d4 Ne7 21. dxc5 dxc5 22. Rd1 Qc6 23. Qh3 f5 24. Bf4+ Kc8 25. Bd6 b6 26. Rfe1 Ng6 27. Qxf5+ Kb7 28. Qf7+ Ka8 29. Bg3 Rxe1+ 30. Rxe1 Qc8 31. Rd1 Rf8 32. Qd5+ Qb7 33. Qd8+ Qc8 34. Qd5+ Qb7 35. Qe6 Qe7 36. Qc6+ Qb7 37. Qa4 b5 38. Qg4 Qe7 39. Re1 Qb7 40. Bd6 Rc8 41. Bg3 c4 42. a3 Rd8 43. h3 Qd5 44. Kh2 a6 45. Re4 Qb7 46. Rd4 Re8 47. Rd7 Qc6 48. Rc7 Qd5 49. Rc8+ 1-0

[Event "ROM-chT (Women)"]
[Site "Mamaia"]
[Date "2019.09.23"]
[Round "1.10"]
[White "Sandu, Mihaela"]
[Black "L'Ami, Alina"]
[Result "0-1"]
[WhiteElo "2260"]
[BlackElo "2296"]
[PlyCount "70"]
[EventDate "2019.09.21"]
[EventType "team-tourn"]
[EventRounds "7"]
[EventCountry "ROU"]
[SourceTitle "EXT 2020"]
[Source "ChessBase"]
[SourceDate "2019.10.17"]
[SourceVersion "1"]
[SourceVersionDate "2019.10.17"]
[SourceQuality "1"]

1. e4 c5 2. Nf3 Nc6 3. d4 cxd4 4. Nxd4 Nf6 5. Nc3 d6 6. Be2 e5 7. Nf3 h6 8. 0-0 Be7 9. Re1 0-0 10. h3 Be6 11. Bf1 Qa5 12. Bd2 Qd8 13. Bc1 Qa5 14. Bd2 Qd8 15. b3 Rc8 16. a4 Re8 17. Na2 d5 18. exd5 Bxd5 19. Nxe5 Nxe5 20. Rxe5 Bd6 21. Re1 Rxe1 22. Bxe1 Qe7 23. c4 Qe5 24. g3 Bc6 25. Bg2 Bc5 26. Kh2 Ne4 27. f4 Qb2 28. Nb4 Nc3 29. Qd2 Qxd2 30. Bxd2 Bxb4 31. Be3 a5 32. Bxc6 Rxc6 33. Kg2 Rd6 34. Rc1 Rd3 35. Kf2 Nd1+ 0-1

[Event "Hell op"]
[Site "Hell"]
[Date "2019.08.09"]
[Round "8"]
[White "Bentsen, Hakon"]
[Black "L'Ami, Alina"]
[Result "0-1"]
[WhiteElo "2159"]
[BlackElo "2296"]
[PlyCount "94"]
[EventDate "2019.08.03"]
[EventType "swiss"]
[EventRounds "10"]
[EventCountry "NOR"]
[SourceTitle "CBM 191 Extra"]
[Source "ChessBase"]
[SourceDate "2019.09.30"]
[SourceVersion "1"]
[SourceVersionDate "2019.09.30"]
[SourceQuality "1"]

1. e4 c5 2. Nf3 d6 3. d4 cxd4 4. Nxd4 Nf6 5. Nc3 Nc6 6. Be3 Ng4 7. Bb5 Nxe3 8. Nxc6 Nxd1 9. Nxd8+ Kxd8 10. Rxd1 a6 11. Ba4 e6 12. 0-0 b5 13. Bb3 Bb7 14. Rd4 Kc7 15. a4 Bc6 16. Ra1 Be7 17. axb5 axb5 18. Rad1 Rhd8 19. f3 d5 20. Kf1 b4 21. Ne2 Bc5 22. exd5 Bxd4 23. Rxd4 Bxd5 24. Rxb4 Rab8 25. Rxb8 Rxb8 26. Bxd5 exd5 27. b3 Kd6 28. Ke1 Ra8 29. Kd2 Ra1 30. Nc1 d4 31. Kd1 Kd5 32. Kd2 f5 33. Kd1 g5 34. Kd2 g4 35. fxg4 fxg4 36. h3 gxh3 37. gxh3 Ra6 38. Nd3 Rh6 39. Nf2 Rf6 40. Ke2 Re6+ 41. Kd2 Rg6 42. Ng4 h5 43. Nf2 Rg3 44. Nd3 Rg2+ 45. Kc1 Ke4 46. b4 h4 47. Kb2 Rg3 0-1

[Event "Hell op"]
[Site "Hell"]
[Date "2019.08.07"]
[Round "6"]
[White "Suvrajit, Saha"]
[Black "L'Ami, Alina"]
[Result "1-0"]
[WhiteElo "2214"]
[BlackElo "2296"]
[PlyCount "75"]
[EventDate "2019.08.03"]
[EventType "swiss"]
[EventRounds "10"]
[EventCountry "NOR"]
[SourceTitle "CBM 191 Extra"]
[Source "ChessBase"]
[SourceDate "2019.09.30"]
[SourceVersion "1"]
[SourceVersionDate "2019.09.30"]
[SourceQuality "1"]

1. d4 Nf6 2. Nf3 g6 3. c4 Bg7 4. Nc3 0-0 5. e4 d6 6. Be2 e5 7. 0-0 Nc6 8. d5 Ne7 9. Ne1 Nd7 10. Nd3 f5 11. f3 f4 12. Bd2 g5 13. Rc1 Rf7 14. Be1 Bf8 15. Kh1 Rg7 16. Rg1 Nf6 17. c5 Ng6 18. cxd6 cxd6 19. g3 fxg3 20. hxg3 Qe8 21. Rc2 Be7 22. Bf1 Bd8 23. Rh2 g4 24. Be2 h5 25. Nf2 Bb6 26. fxg4 hxg4 27. Qd2 Nf4 28. gxf4 g3 29. fxe5 Qxe5 30. Nd3 Qd4 31. Bf2 gxf2 32. Rxg7+ Kxg7 33. Qg5+ Kf7 34. Bh5+ Nxh5 35. Qxh5+ Kf8 36. Rxf2+ Ke7 37. Rf7+ Ke8 38. Rg7+ 1-0

[Event "Hell op"]
[Site "Hell"]
[Date "2019.08.06"]
[Round "5"]
[White "L'Ami, Alina"]
[Black "Rozentalis, Eduardas"]
[Result "0-1"]
[WhiteElo "2296"]
[BlackElo "2535"]
[PlyCount "90"]
[EventDate "2019.08.03"]
[EventType "swiss"]
[EventRounds "10"]
[EventCountry "NOR"]
[SourceTitle "CBM 191 Extra"]
[Source "ChessBase"]
[SourceDate "2019.09.30"]
[SourceVersion "1"]
[SourceVersionDate "2019.09.30"]
[SourceQuality "1"]

1. d4 Nf6 2. c4 e6 3. Nc3 Bb4 4. Qc2 0-0 5. e4 d6 6. a3 Bxc3+ 7. bxc3 e5 8. Bd3 Nc6 9. Ne2 Nh5 10. 0-0 g5 11. f3 Qf6 12. d5 Ne7 13. g3 Kh8 14. Be3 Qg6 15. Kh1 f5 16. exf5 Bxf5 17. Rad1 b6 18. g4 Bxd3 19. Qxd3 Qxd3 20. Rxd3 Nf4 21. Nxf4 gxf4 22. Bf2 Rf7 23. a4 a5 24. Re1 h5 25. h3 Rg8 26. Kg2 Ng6 27. Rdd1 Nf8 28. Kf1 Nd7 29. Kg2 Rh7 30. Rh1 Kg7 31. Rde1 Kf7 32. Rhg1 Nf6 33. Rh1 Kg6 34. Bh4 hxg4 35. hxg4 Nxg4 36. fxg4 Rgh8 37. c5 bxc5 38. Rb1 Rxh4 39. Rxh4 Rxh4 40. Rb5 Rxg4+ 41. Kf1 Rg3 42. c4 Ra3 43. Rxa5 e4 44. Ra8 Kf5 45. a5 Ke5 0-1

[Event "Hell op"]
[Site "Hell"]
[Date "2019.08.05"]
[Round "4"]
[White "Kolas, Tore"]
[Black "L'Ami, Alina"]
[Result "0-1"]
[WhiteElo "2125"]
[BlackElo "2296"]
[PlyCount "116"]
[EventDate "2019.08.03"]
[EventType "swiss"]
[EventRounds "10"]
[EventCountry "NOR"]
[SourceTitle "CBM 191 Extra"]
[Source "ChessBase"]
[SourceDate "2019.09.30"]
[SourceVersion "1"]
[SourceVersionDate "2019.09.30"]
[SourceQuality "1"]

1. d4 Nf6 2. c4 g6 3. Nc3 Bg7 4. e4 d6 5. h3 0-0 6. Be3 Nc6 7. Nge2 e5 8. d5 Nd4 9. Qd2 c5 10. dxc6 Nxc6 11. 0-0-0 Be6 12. Qxd6 Qxd6 13. Rxd6 Bxc4 14. Bg5 Be6 15. g3 h6 16. Be3 Rfc8 17. Kb1 Nb4 18. a3 Nc6 19. Bg2 Na5 20. Rdd1 Bb3 21. Rd3 Bc4 22. Rdd1 Rd8 23. Rxd8+ Rxd8 24. Nc1 Nc6 25. Rd1 Nd4 26. b3 Be6 27. Nb5 Ne8 28. Nxd4 exd4 29. Bd2 f5 30. f4 Nd6 31. exf5 Bxf5+ 32. Ka2 Rc8 33. b4 Be6+ 34. Kb1 Nb5 35. Bxb7 Nxa3+ 36. Kb2 Nc4+ 37. Kb1 Nxd2+ 38. Rxd2 Rb8 39. Be4 Rxb4+ 40. Kc2 Rc4+ 41. Kd1 Rc3 42. Ne2 Rc4 43. Bxg6 Bxh3 44. Ra2 Rc7 45. Kd2 Bg4 46. Ra4 Bd7 47. Ra5 Be6 48. Ra4 Bc4 49. Bd3 Bxd3 50. Kxd3 Rd7 51. g4 Rf7 52. f5 h5 53. gxh5 Rxf5 54. Rxa7 Rf3+ 55. Kd2 Bh6+ 56. Ke1 d3 57. Nd4 d2+ 58. Ke2 Re3+ 0-1

[Event "Yogyakarta Japfa (Women)"]
[Site "Yogyakarta"]
[Date "2019.06.21"]
[Round "11"]
[White "Hanfin, Zahra Chumaira Amel"]
[Black "L'Ami, Alina"]
[Result "0-1"]
[WhiteElo "2112"]
[BlackElo "2293"]
[PlyCount "112"]
[EventDate "2019.06.13"]
[EventType "tourn"]
[EventRounds "11"]
[EventCountry "INA"]
[SourceTitle "CBM 191 Extra"]
[Source "ChessBase"]
[SourceDate "2019.09.30"]
[SourceVersion "1"]
[SourceVersionDate "2019.09.30"]
[SourceQuality "1"]

1. e4 c5 2. Nf3 d6 3. d4 Nf6 4. Nc3 cxd4 5. Nxd4 Nc6 6. f3 e5 7. Nb3 Be6 8. Be3 Be7 9. Qd2 0-0 10. 0-0-0 a5 11. Kb1 a4 12. Nc1 a3 13. b3 Nb4 14. g4 Rc8 15. g5 Nh5 16. Bd3 Kh8 17. N1e2 f5 18. h4 fxe4 19. fxe4 d5 20. exd5 Nxd5 21. Nxd5 Bxd5 22. Rhf1 Bf3 23. c4 e4 24. Bc2 Qxd2 25. Rxd2 Bb4 26. Nd4 Bxd2 27. Bxd2 Ng3 28. Re1 Nf5 29. Nb5 Rcd8 30. Bb4 Rfe8 31. Kc1 Kg8 32. Bxa3 Nxh4 33. Nc7 Ng2 34. Rg1 Re5 35. Bb2 Rxg5 36. Ne6 Nf4 37. Rxg5 Nxe6 38. Re5 Kf7 39. Bxe4 Bxe4 40. Rxe4 g5 41. Re2 Nf4 42. Rd2 Nd3+ 43. Kb1 g4 44. Kc2 Nb4+ 45. Kc1 Nd3+ 46. Kc2 Nb4+ 47. Kc3 Rxd2 48. Kxd2 g3 49. Ke3 g2 50. Kf2 Nd3+ 51. Kxg2 Nxb2 52. Kg3 Nd3 53. a3 Ke6 54. b4 Ke5 55. c5 Kd5 56. Kh4 Nxb4 0-1

[Event "Yogyakarta Japfa (Women)"]
[Site "Yogyakarta"]
[Date "2019.06.18"]
[Round "8"]
[White "Citra, Dewi Ardhiani Anast"]
[Black "L'Ami, Alina"]
[Result "1/2-1/2"]
[WhiteElo "2205"]
[BlackElo "2293"]
[PlyCount "66"]
[EventDate "2019.06.13"]
[EventType "tourn"]
[EventRounds "11"]
[EventCountry "INA"]
[SourceTitle "CBM 191 Extra"]
[Source "ChessBase"]
[SourceDate "2019.09.30"]
[SourceVersion "1"]
[SourceVersionDate "2019.09.30"]
[SourceQuality "1"]

1. g3 g6 2. Bg2 Bg7 3. e4 d6 4. d4 Nd7 5. Nc3 c5 6. Nf3 cxd4 7. Nxd4 Ngf6 8. 0-0 0-0 9. h3 Nb6 10. a4 a5 11. Re1 Bd7 12. b3 Qc8 13. Nd5 Nfxd5 14. exd5 Bxh3 15. c4 Bxg2 16. Kxg2 Nd7 17. Ra2 Re8 18. Rae2 Bf6 19. Nb5 Ra6 20. f3 Nc5 21. g4 e5 22. dxe6 Rxe6 23. Rxe6 Nxe6 24. Nxd6 Qc6 25. Ne4 Be5 26. Ng5 Qc7 27. Nxe6 Rxe6 28. Ba3 h5 29. Rh1 hxg4 30. fxg4 Qb6 31. Qf3 Qc6 32. Qxc6 Rxc6 33. Kf3 Bd4 1/2-1/2

[Event "Yogyakarta Japfa (Women)"]
[Site "Yogyakarta"]
[Date "2019.06.17"]
[Round "7"]
[White "L'Ami, Alina"]
[Black "Gong, Qianyun"]
[Result "0-1"]
[WhiteElo "2293"]
[BlackElo "2381"]
[PlyCount "66"]
[EventDate "2019.06.13"]
[EventType "tourn"]
[EventRounds "11"]
[EventCountry "INA"]
[SourceTitle "CBM 191 Extra"]
[Source "ChessBase"]
[SourceDate "2019.09.30"]
[SourceVersion "1"]
[SourceVersionDate "2019.09.30"]
[SourceQuality "1"]

1. d4 Nf6 2. c4 b6 3. Nc3 Bb7 4. Qc2 e6 5. e4 Bb4 6. e5 Ne4 7. a3 Bxc3+ 8. bxc3 f5 9. Nf3 d6 10. h4 Nd7 11. Ng5 Qe7 12. Bd3 Nxg5 13. Bxg5 Qf7 14. exd6 cxd6 15. 0-0 0-0 16. a4 a5 17. f3 Rae8 18. Bc1 e5 19. Ba3 Qf6 20. c5 Kh8 21. Bb5 Bc8 22. cxb6 Re7 23. b7 Bxb7 24. Bxd7 e4 25. Bb5 exf3 26. Rfe1 Re4 27. Qf2 Rxh4 28. Bxd6 Qh6 29. Qe3 Qxd6 30. Qe5 Qh6 31. d5 Rh1+ 32. Kf2 Qd2+ 33. Be2 Rxe1 0-1

[Event "Yogyakarta Japfa (Women)"]
[Site "Yogyakarta"]
[Date "2019.06.16"]
[Round "5"]
[White "L'Ami, Alina"]
[Black "Luong, Phuong Hanh"]
[Result "1-0"]
[WhiteElo "2293"]
[BlackElo "2271"]
[PlyCount "118"]
[EventDate "2019.06.13"]
[EventType "tourn"]
[EventRounds "11"]
[EventCountry "INA"]
[SourceTitle "CBM 191 Extra"]
[Source "ChessBase"]
[SourceDate "2019.09.30"]
[SourceVersion "1"]
[SourceVersionDate "2019.09.30"]
[SourceQuality "1"]

1. Nf3 Nf6 2. c4 g6 3. Nc3 d5 4. cxd5 Nxd5 5. h4 h6 6. e4 Nxc3 7. bxc3 Bg7 8. d4 c5 9. Be3 Qa5 10. Qd2 cxd4 11. cxd4 Qxd2+ 12. Nxd2 Nc6 13. Nb3 0-0 14. Bc4 Nb4 15. 0-0 Nc2 16. Rac1 Nxe3 17. fxe3 b6 18. Bd5 Rb8 19. Rc7 e6 20. Bc6 Ba6 21. Rc1 Rfc8 22. Rxa7 Bd3 23. e5 b5 24. Bd7 Rxc1+ 25. Nxc1 Be4 26. Nb3 Bf8 27. Nc5 Bd5 28. Na6 Rd8 29. Nc5 Bxa2 30. Bxb5 Rb8 31. Bc6 Bd5 32. Bxd5 Bxc5 33. dxc5 exd5 34. Rd7 Rc8 35. Rxd5 Kf8 36. Kf2 Ke7 37. Kf3 Ra8 38. c6 Ra4 39. Rc5 Kd8 40. c7+ Kc8 41. g3 Ra6 42. Ke4 Ra4+ 43. Kf3 Ra6 44. Rc4 Ra7 45. Ke4 Ra6 46. Rc3 Ra5 47. Kd4 Ra1 48. Ke4 Rf1 49. Kd5 Rd1+ 50. Kc6 Rd7 51. Kb6 Rd1 52. Ra3 Kd7 53. Rb3 Kc8 54. e4 Rc1 55. Rf3 Rb1+ 56. Kc6 Rc1+ 57. Kd6 Rd1+ 58. Ke7 Rc1 59. Kxf7 Rxc7+ 1-0

[Event "Yogyakarta Japfa (Women)"]
[Site "Yogyakarta"]
[Date "2019.06.14"]
[Round "2"]
[White "Monica, Putri Wigustira"]
[Black "L'Ami, Alina"]
[Result "0-1"]
[WhiteElo "2151"]
[BlackElo "2293"]
[PlyCount "100"]
[EventDate "2019.06.13"]
[EventType "tourn"]
[EventRounds "11"]
[EventCountry "INA"]
[SourceTitle "CBM 191 Extra"]
[Source "ChessBase"]
[SourceDate "2019.09.30"]
[SourceVersion "1"]
[SourceVersionDate "2019.09.30"]
[SourceQuality "1"]

1. e4 e5 2. f4 exf4 3. Nf3 Nf6 4. Nc3 d5 5. exd5 Nxd5 6. Bc4 Nxc3 7. bxc3 Bd6 8. d4 0-0 9. 0-0 Nc6 10. Qe1 Bf5 11. Qf2 Na5 12. Bd3 Bxd3 13. cxd3 Nc6 14. Nd2 f5 15. Nc4 g5 16. Rb1 Rb8 17. h4 h6 18. hxg5 hxg5 19. Qf3 Rf7 20. Bd2 Qf6 21. Rfe1 Kg7 22. d5 Nd8 23. d4 Qh6 24. Ne5 Re7 25. c4 Nf7 26. Nxf7 Rxf7 27. c5 g4 28. Qf2 Rh8 29. Kf1 Be7 30. Bxf4 Qa6+ 31. Kg1 Kg8 32. Re6 Rfh7 33. Bh6 Rxh6 34. Rxh6 Qxh6 35. Kf1 Qh1+ 36. Qg1 Qxg1+ 37. Kxg1 b6 38. c6 Kf7 39. Kf2 Rd8 40. Ke3 Bg5+ 41. Kd3 Rxd5 42. Kc4 Rd6 43. d5 f4 44. Rb3 Rf6 45. Rd3 Ke7 46. Rd1 f3 47. gxf3 gxf3 48. Re1+ Kd6 49. Kd4 f2 50. Rf1 Rf4+ 0-1

[Event "Hersonissos op 3rd"]
[Site "Hersonissos"]
[Date "2019.05.22"]
[Round "8"]
[White "Kotsinis, Alexandros"]
[Black "L'Ami, Alina"]
[Result "0-1"]
[WhiteElo "1899"]
[BlackElo "2286"]
[PlyCount "88"]
[EventDate "2019.05.15"]
[EventType "swiss"]
[EventRounds "9"]
[EventCountry "GRE"]
[SourceTitle "CBM 190 Extra"]
[Source "ChessBase"]
[SourceDate "2019.07.15"]
[SourceVersion "1"]
[SourceVersionDate "2019.07.15"]
[SourceQuality "1"]

1. d4 Nf6 2. c4 g6 3. Nc3 Bg7 4. e4 d6 5. Be2 0-0 6. Nf3 Nbd7 7. 0-0 e5 8. d5 Nc5 9. Qc2 a5 10. Bg5 h6 11. Be3 b6 12. Nd2 Ng4 13. Bxg4 Bxg4 14. a3 f5 15. f3 Bh5 16. b4 Nd7 17. Nb5 Rf7 18. c5 bxc5 19. bxc5 Nxc5 20. Bxc5 dxc5 21. Nb3 Bf8 22. exf5 gxf5 23. Qc4 Qg5 24. Kh1 Rg7 25. Ra2 Qf4 26. Qxf4 exf4 27. Rc2 Be8 28. a4 Bxb5 29. axb5 Rd7 30. Rd1 Rad8 31. Nxa5 Rxd5 32. Rxd5 Rxd5 33. Kg1 Rd1+ 34. Kf2 Rb1 35. g3 fxg3+ 36. hxg3 Rxb5 37. Nc4 Kf7 38. f4 Bg7 39. Nd2 Rb2 40. Rxb2 Bxb2 41. Ke2 Ke6 42. Nf3 Kd5 43. Kd3 c4+ 44. Kc2 Bd4 0-1

[Event "Hersonissos op 3rd"]
[Site "Hersonissos"]
[Date "2019.05.20"]
[Round "6"]
[White "L'Ami, Alina"]
[Black "Stany, George Anthony"]
[Result "1/2-1/2"]
[WhiteElo "2286"]
[BlackElo "2527"]
[PlyCount "163"]
[EventDate "2019.05.15"]
[EventType "swiss"]
[EventRounds "9"]
[EventCountry "GRE"]
[SourceTitle "CBM 190 Extra"]
[Source "ChessBase"]
[SourceDate "2019.07.15"]
[SourceVersion "1"]
[SourceVersionDate "2019.07.15"]
[SourceQuality "1"]

1. d4 e6 2. c4 b6 3. Nc3 Bb7 4. e4 Bb4 5. Bd3 f5 6. Qe2 Nf6 7. Bg5 fxe4 8. Bxe4 Bxe4 9. Bxf6 Qxf6 10. Qxe4 Nc6 11. Nf3 Bxc3+ 12. bxc3 0-0 13. 0-0 Qf5 14. Rfe1 Qxe4 15. Rxe4 Rf5 16. Rd1 Raf8 17. d5 Nd8 18. Re2 exd5 19. cxd5 Nb7 20. c4 Nd6 21. Nd4 Rg5 22. Nb5 Nxc4 23. Nxc7 Nd6 24. Re7 Rf7 25. Re3 Rg4 26. Ra3 Rff4 27. Rxa7 Ra4 28. Ra8+ Kf7 29. f3 Rxa8 30. Nxa8 Rb4 31. Rc1 Ke7 32. a3 Rb3 33. a4 Rb4 34. Nc7 Rxa4 35. Rb1 Kd8 36. Nb5 Nxb5 37. Rxb5 Kc7 38. Kf2 Ra5 39. Rb4 Rxd5 40. Rg4 g6 41. Rh4 h5 42. g4 b5 43. Ke3 Kc6 44. gxh5 gxh5 45. Rf4 Kc5 46. Rf8 Kc4 47. f4 b4 48. f5 b3 49. f6 Rf5 50. f7 b2 51. Rc8+ Kd5 52. Rb8 Rxf7 53. Rxb2 Ke5 54. Rb8 Rf5 55. Rd8 d6 56. Rh8 Kd5 57. Rh6 Kc5 58. Ke4 Rd5 59. Kf4 Kd4 60. h4 Kd3 61. Rg6 Kc4 62. Rh6 Kc5 63. Rg6 Re5 64. Rh6 Kc6 65. Rh7 Rc5 66. Rh6 Re5 67. Rh7 Kc5 68. Rh6 Kd5 69. Rg6 Re4+ 70. Kg3 Kc5 71. Rg5+ Re5 72. Kf4 Kd4 73. Rg6 d5 74. Rh6 Re4+ 75. Kg5 Ke3 76. Kxh5 d4 77. Ra6 d3 78. Kg5 d2 79. Ra1 Kf3 80. Rd1 Rg4+ 81. Kf5 Rxh4 82. Rxd2 1/2-1/2

[Event "Hersonissos op 3rd"]
[Site "Hersonissos"]
[Date "2019.05.19"]
[Round "5"]
[White "L'Ami, Alina"]
[Black "Papidakis, Georgios"]
[Result "1-0"]
[WhiteElo "2286"]
[BlackElo "1731"]
[PlyCount "79"]
[EventDate "2019.05.15"]
[EventType "swiss"]
[EventRounds "9"]
[EventCountry "GRE"]
[SourceTitle "CBM 190 Extra"]
[Source "ChessBase"]
[SourceDate "2019.07.15"]
[SourceVersion "1"]
[SourceVersionDate "2019.07.15"]
[SourceQuality "1"]

1. d4 Nf6 2. c4 e6 3. Nc3 Bb4 4. e3 0-0 5. Nge2 c6 6. a3 Ba5 7. b4 Bc7 8. e4 d6 9. Bg5 Nbd7 10. Ng3 a5 11. b5 h6 12. Be3 e5 13. bxc6 bxc6 14. d5 c5 15. Bd3 Nb6 16. h3 Kh7 17. 0-0 g6 18. Nb5 Bd7 19. Rb1 Rb8 20. Bd2 Bxb5 21. Rxb5 Nbd7 22. a4 Bb6 23. Qe2 Kg7 24. Rfb1 Ne8 25. f4 Nc7 26. R5b3 Na6 27. Qg4 Nf6 28. Qh4 Nd7 29. Qg4 Nf6 30. Qf3 Nd7 31. Rf1 Nb4 32. Bb1 Qe7 33. Qg4 Kh7 34. f5 Nf6 35. Qh4 Ng8 36. f6 Qd7 37. Nf5 gxf5 38. Rg3 Qd8 39. Rg7+ Kh8 40. Rxg8+ 1-0